Statistiche per Capitali che terminano con la A

Clicka qui per fare il quiz!

Statistiche generali

  • Questo quiz è stato fatto 66 volte
  • Il punteggio medio è 48 su 58

Statistiche sulle risposte

Popolazione (ab.)ContinenteCapitale% Corretto
2 781 807EuropaRoma
98%
5 639 076Asia / EuropaAnkara
95%
3 039 444America del SudBrasilia
95%
12 692 466Asia / EuropaMosca
95%
1 915 338EuropaVienna
95%
133 791EuropaBerna
93%
410 301OceaniaCanberra
93%
8 961 969EuropaLondra
93%
696 681EuropaRiga
93%
960 031EuropaStoccolma
93%
1 790 658EuropaVarsavia
93%
22 886EuropaAndorra La Vella
90%
8 080 734America del SudBogotà
90%
563 682EuropaBratislava
90%
5 827EuropaLa Valletta
90%
505 526EuropaLisbona
90%
932 546America del NordOttawa
90%
150 997EuropaPodgorica
90%
1 308 632EuropaPraga
90%
810 003EuropaZagabria
90%
3 273 000AfricaAddis Abeba
88%
9 822 514America del SudLima
88%
1 478 330EuropaSofia
88%
2 141 320America del NordL'Avana
86%
295 504EuropaLubiana
86%
2 291 352AfricaAccra
83%
13 848 298AsiaDacca
83%
1 033 262America del NordManagua
83%
1 780 148AsiaManila
83%
116 392AsiaNicosia
83%
1 378 000America del NordPanama
83%
895 160EuropaTirana
83%
1 351 000AsiaDoha
81%
5 172 900AfricaLuanda
81%
1 568 853AfricaAbuja
79%
963 000AfricaAsmara
79%
4 500 000America del NordCittà del Guatemala
79%
17 855 000AfricaKinshasa
79%
1 267 440AfricaLusaka
79%
58 800OceaniaApia
76%
410 956AfricaDodoma
76%
1 507 080AfricaKampala
76%
159 050AfricaPraia
76%
94 088OceaniaSuva
76%
26 450AfricaVictoria
76%
1 029 556Asia / EuropaAstana
74%
84 520OceaniaHoniara
74%
329 510AsiaManama
74%
3 937 451AsiaSana'a
74%
1 051 600America del NordTegucigalpa
74%
10 770 487AsiaGiacarta
69%
192 157AfricaGitega
69%
372 410AfricaGiuba
69%
1 010 970AfricaMonrovia
69%
51 437OceaniaPort Vila
69%
2 472 612AfricaPretoria
69%
1 605 696AfricaN'Djamena
64%
23 221OceaniaNuku'alofa
45%

Distribuzione punteggi

Percentile per numero di risposta

Percentuale di utenti per punteggio

I tuoi punteggi nel tempo

Non hai fatto questo quiz